[Event "Cochabamba op 1st"]
[Site "Cochabamba"]
[Date "2015.01.30"]
[Round "4"]
[White "Medrano, Mario"]
[Black "Cordova, Marco A"]
[Result "1-0"]
[WhiteElo "2027"]
[BlackElo "1788"]
[PlyCount "87"]
[EventDate "2015.01.29"]
[EventType "swiss"]
[EventRounds "7"]
[EventCountry "BOL"]
[SourceTitle "CBM 164 Extra"]
[Source "ChessBase"]
[SourceDate "2015.03.02"]
[SourceVersion "1"]
[SourceVersionDate "2015.03.02"]
[SourceQuality "1"]

1. e4 c5 2. Nf3 d6 3. d4 cxd4 4. Nxd4 Nf6 5. Nc3 a6 6. a4 e5 7. Nf3 Be7 8. Bc4 0-0 9. 0-0 Nc6 10. h3 Be6 11. Qe2 Rc8 12. Nd5 Bxd5 13. exd5 Nb4 14. c3 Nbxd5 15. Bxd5 Nxd5 16. Rd1 Nf4 17. Bxf4 exf4 18. Qe4 Qc7 19. Qxf4 Rfd8 20. Rd5 Qc4 21. Rd4 Qb3 22. Rb4 Qd5 23. Re1 Bf6 24. Rbe4 Kf8 25. Qe3 Qc6 26. Qd3 g6 27. Nd4 Qd7 28. Qf3 Bxd4 29. Rxd4 Re8 30. Rxe8+ Rxe8 31. Qf6 Kg8 32. Qxd6 Re1+ 33. Kh2 Qf5 34. Rf4 Qe5 35. Qxe5 Rxe5 36. Rf6 Kf8 37. Rb6 Re7 38. Kg3 Ke8 39. Rd6 Rc7 40. Kf3 Ke7 41. Rd4 h5 42. Ke3 f5 43. Kf4 b5 44. Kg5 1-0

[Event "Cochabamba op 1st"]
[Site "Cochabamba"]
[Date "2015.01.29"]
[Round "1"]
[White "Cordova, Marco A"]
[Black "Monroy, Osvaldo"]
[Result "0-1"]
[WhiteElo "1788"]
[BlackElo "1955"]
[PlyCount "84"]
[EventDate "2015.01.29"]
[EventType "swiss"]
[EventRounds "7"]
[EventCountry "BOL"]
[SourceTitle "CBM 164 Extra"]
[Source "ChessBase"]
[SourceDate "2015.03.02"]
[SourceVersion "1"]
[SourceVersionDate "2015.03.02"]
[SourceQuality "1"]

1. d4 Nf6 2. c4 d5 3. Nf3 Bg4 4. Ne5 Bh5 5. Nc3 c6 6. Bf4 e6 7. Qb3 b6 8. e3 Nbd7 9. Nxd7 Nxd7 10. cxd5 exd5 11. Bd3 a5 12. 0-0 g5 13. Bg3 Bg6 14. e4 Bg7 15. Rad1 0-0 16. e5 f5 17. f4 g4 18. h3 gxh3 19. gxh3 b5 20. Nxd5 cxd5 21. Qxd5+ Kh8 22. Bxb5 Nb6 23. Qf3 Bf7 24. Bc6 Bd5 25. Bxd5 Nxd5 26. Rc1 Nb4 27. Rc4 Nxa2 28. Ra1 Nb4 29. Be1 Rc8 30. Rac1 Rxc4 31. Rxc4 Qb6 32. Bf2 Rg8 33. Kh2 Qg6 34. Rc1 Qe6 35. Be1 Bh6 36. Bxb4 axb4 37. Rg1 Rxg1 38. Kxg1 Qa2 39. d5 Qb1+ 40. Kg2 Qxb2+ 41. Kg3 Qc3 42. d6 Bf8 0-1